[Event "Malopolska-ch"]
[Site "Krakow"]
[Date "2025.06.21"]
[Round "5"]
[White "Farkash, Denys"]
[Black "Zalega, Maciej"]
[Result "1/2-1/2"]
[WhiteElo "1930"]
[BlackElo "2242"]
[PlyCount "122"]
[EventDate "2025.06.19"]
[EventType "swiss"]
[EventRounds "7"]
[EventCountry "POL"]
[SourceTitle "CB26_2025"]
[SourceDate "2025.06.25"]
[SourceVersion "1"]
[SourceVersionDate "2025.06.25"]
[SourceQuality "1"]

1. e4 e6 2. d4 d5 3. e5 c5 4. c3 Nc6 5. Nf3 Qb6 6. Bd3 cxd4 7. 0-0 Bd7 8. Re1 Nge7 9. Nbd2 dxc3 10. bxc3 Ng6 11. Nb3 Qc7 12. Qe2 Be7 13. g3 Rc8 14. h4 f6 15. exf6 gxf6 16. Bh6 Bf8 17. Qe3 Nce5 18. Bxg6+ hxg6 19. Bxf8 Nxf3+ 20. Qxf3 Rxf8 21. Qxd5 Kf7 22. Qd3 e5 23. Nc5 Bf5 24. Qd5+ Ke7 25. Ne4 Rfd8 26. Qb5 Qc4 27. Qxb7+ Rc7 28. Qb4+ Qxb4 29. cxb4 Rc4 30. Nc5 Rxb4 31. Nb3 Rc8 32. Re2 Bg4 33. Rd2 Bf3 34. Re1 Rcc4 35. Rd3 Bc6 36. Na5 Rc5 37. Nxc6+ Rxc6 38. Rb3 Rxb3 39. axb3 Rb6 40. Ra1 a6 41. Ra5 Kd7 42. g4 Ke6 43. f3 f5 44. Kf2 Rd6 45. Ke3 Rb6 46. b4 Kf6 47. gxf5 gxf5 48. Kf2 f4 49. Kg2 Kf5 50. Kf2 Rh6 51. Kg2 Rg6+ 52. Kf2 Rc6 53. Ra2 Re6 54. Ra5 Rd6 55. Ra2 Rc6 56. Kg2 Rg6+ 57. Kf2 Rb6 58. Ra4 Rc6 59. Ra2 Ke6 60. Kg2 Kd5 61. Rd2+ Ke6 1/2-1/2

[Event "Malopolska-ch"]
[Site "Krakow"]
[Date "2025.06.19"]
[Round "1"]
[White "Farkash, Denys"]
[Black "Kaliszuk, Kamil"]
[Result "1/2-1/2"]
[WhiteElo "1930"]
[BlackElo "2141"]
[PlyCount "72"]
[EventDate "2025.06.19"]
[EventType "swiss"]
[EventRounds "7"]
[EventCountry "POL"]
[SourceTitle "CB26_2025"]
[SourceDate "2025.06.25"]
[SourceVersion "1"]
[SourceVersionDate "2025.06.25"]
[SourceQuality "1"]

1. e4 e5 2. Nf3 Nc6 3. Bb5 a6 4. Ba4 Nf6 5. 0-0 Be7 6. Bxc6 dxc6 7. d3 Nd7 8. Nbd2 0-0 9. Nc4 f6 10. Nh4 Nc5 11. Qf3 Ne6 12. Nf5 Nd4 13. Nxd4 Qxd4 14. Qg3 Be6 15. Be3 Qd7 16. Nd2 Bd6 17. f4 exf4 18. Bxf4 Bxf4 19. Qxf4 Qd4+ 20. Kh1 Qxb2 21. Qxc7 Qxc2 22. Nf3 Qxd3 23. Qxb7 Qd7 24. Qb4 Rab8 25. Qa4 Qb7 26. Rac1 Qb5 27. Qc2 c5 28. a4 Qb3 29. Qxc5 Qxa4 30. e5 fxe5 31. Qxe5 Bf7 32. Rc7 Qb5 33. Qa1 Rb7 34. Rcc1 Qb6 35. Ne5 Qe6 36. Rc6 Qa2 1/2-1/2

[Event "Sambir Charity Rapid op"]
[Site "Sambir"]
[Date "2024.09.22"]
[Round "2"]
[White "Farkash, Denys"]
[Black "Karvatskyi, Oleksii"]
[Result "0-1"]
[WhiteElo "1732"]
[BlackElo "2144"]
[PlyCount "96"]
[EventDate "2024.09.22"]
[EventType "swiss (rapid)"]
[EventRounds "9"]
[EventCountry "UKR"]
[SourceTitle "EXT 2025"]
[Source "ChessBase"]
[SourceDate "2024.10.14"]
[SourceVersion "1"]
[SourceVersionDate "2024.10.14"]
[SourceQuality "1"]

1. e4 c5 2. Nf3 e6 3. c3 d5 4. exd5 exd5 5. d4 Nf6 6. Bd3 Bd6 7. h3 0-0 8. 0-0 Nbd7 9. Re1 Re8 10. Bg5 Rxe1+ 11. Qxe1 Nf8 12. Ne5 Ne6 13. Be3 b6 14. Nd2 Qc7 15. Ndf3 Bb7 16. Rc1 Re8 17. b4 c4 18. Bb1 Ne4 19. Nd2 Bxe5 20. dxe5 Qxe5 21. Nf3 Qb8 22. Nd2 Nf4 23. Bxf4 Qxf4 24. Bxe4 dxe4 25. Nxc4 f5 26. Qe3 Qc7 27. Nd2 Kh8 28. Re1 Rd8 29. Nb3 f4 30. Qc1 Rd3 31. c4 Qf7 32. Rd1 f3 33. g3 Qe6 34. Rxd3 exd3 35. Qe3 Qxc4 36. Qe8+ Qg8 37. Qxg8+ Kxg8 38. Kf1 Bd5 39. Ke1 Kf7 40. Kd2 Bc4 41. Kc3 b5 42. a3 Bxb3 43. Kxb3 Ke6 44. Kc3 Kd5 45. Kxd3 g6 46. g4 g5 47. Ke3 Kc4 48. Kxf3 Kd5 0-1